000 00310nam a2200133Ia 4500
008 240624s9999 xx 000 0 und d
041 _aeng
082 _a658.4092 DAF
100 _aDAFT
245 _aLEADERSHIP EXPERIENCE
250 _a(6th ed.)
260 _aNew Delhi
_bCengage Learning
365 _cRS
_b27
999 _c30842
_d30842